00503nam a2200193 a 4500001001300000003000900013005001700022008004100039020002200080082002000102100001900122245003600141260003300177300000900210500003500219505001700254650001900271700001900290nice12345678IN_TiNIC20260116013150.0050524s1994 newa grp 000 0 eng  a0883443 c1200a305.402208bMCK aMckenna, Megan aNot Counting Women and Children aNew YorkbOrbis Books c1994 a225p aincludes index and biblioraphy2 aNotes, Index aWomen in Bible1 aMckenna, Megan